[Event "Novosibirsk Sukharev Memorial op"]
[Site "Novosibirsk"]
[Date "2011.07.25"]
[Round "9"]
[White "Sukhanov, Dmitry"]
[Black "Pozharsky, Nikolay"]
[Result "0-1"]
[WhiteElo "2155"]
[BlackElo "2130"]
[PlyCount "50"]
[EventDate "2011.07.18"]
[EventType "swiss"]
[EventRounds "9"]
[EventCountry "RUS"]
[SourceTitle "EXT 2012"]
[Source "ChessBase"]
[SourceDate "2011.11.24"]
[SourceVersion "1"]
[SourceVersionDate "2011.11.24"]
[SourceQuality "1"]

1. e4 e5 2. Nf3 Nc6 3. Bb5 a6 4. Ba4 Nf6 5. 0-0 b5 6. Bb3 Be7 7. d3 d6 8. a4 Bb7 9. Nc3 Nd4 10. Nxd4 exd4 11. Ne2 c5 12. Ng3 0-0 13. f4 Rc8 14. axb5 axb5 15. c4 bxc4 16. Bxc4 d5 17. Ba6 Ra8 18. Bxb7 Rxa1 19. e5 Qd7 20. exf6 Bxf6 21. Nh5 Qxb7 22. Nxf6+ gxf6 23. Qg4+ Kh8 24. Qh4 Qe7 25. Re1 Rxc1 0-1

[Event "Koltsovo op"]
[Site "Koltsovo"]
[Date "2010.06.29"]
[Round "2"]
[White "Khanin, Semen"]
[Black "Pozharsky, Nikolay"]
[Result "1-0"]
[WhiteElo "2027"]
[BlackElo "2152"]
[PlyCount "86"]
[EventDate "2010.06.28"]
[EventType "swiss"]
[EventRounds "9"]
[EventCountry "RUS"]
[SourceTitle "CBM 137 Extra"]
[Source "ChessBase"]
[SourceDate "2010.09.01"]
[SourceVersion "1"]
[SourceVersionDate "2010.09.01"]
[SourceQuality "1"]

1. e4 e5 2. Nf3 Nc6 3. Bb5 a6 4. Ba4 Nf6 5. 0-0 b5 6. Bb3 Be7 7. Re1 d6 8. c3 Na5 9. Bc2 0-0 10. d4 Nd7 11. Nbd2 Bb7 12. Nf1 Nc4 13. b3 Ncb6 14. Ne3 g6 15. Ng4 Re8 16. Bh6 Bf6 17. Nxf6+ Nxf6 18. Bg5 Kg7 19. Qd2 Nbd7 20. Rad1 Qe7 21. h3 Nf8 22. d5 h5 23. Nh2 N8h7 24. Be3 Bc8 25. Qe2 Nd7 26. c4 b4 27. Qd2 Rb8 28. g4 hxg4 29. hxg4 f6 30. Kg2 Ndf8 31. f3 g5 32. Nf1 Ng6 33. Ng3 Nf4+ 34. Bxf4 gxf4 35. Rh1 Ng5 36. Nh5+ Kf7 37. Qf2 Rg8 38. Rdg1 Ra8 39. Qh4 Bd7 40. Qe1 a5 41. Rh4 Raf8 42. Rgh1 Qd8 43. Qd2 Ke7 1-0

[Event "Novosibirsk Region op"]
[Site "Novosibirsk"]
[Date "2007.12.05"]
[Round "1"]
[White "Romanov, Viktor"]
[Black "Pozharsky, Nikolay"]
[Result "0-1"]
[WhiteElo "2043"]
[BlackElo "2193"]
[PlyCount "78"]
[EventDate "2007.12.05"]
[EventType "swiss"]
[EventRounds "9"]
[EventCountry "RUS"]
[SourceTitle "CBM 122 Extra"]
[Source "ChessBase"]
[SourceDate "2008.03.04"]
[SourceVersion "1"]
[SourceVersionDate "2008.03.04"]
[SourceQuality "1"]

1. d4 c5 2. c3 e6 3. Nf3 Nf6 4. g3 d5 5. Bg2 Nc6 6. 0-0 Be7 7. Re1 Ne4 8. Nbd2 f5 9. dxc5 Bxc5 10. e3 0-0 11. Qc2 Qf6 12. Nd4 e5 13. Nxc6 bxc6 14. b4 Bd6 15. Bb2 Ba6 16. Rad1 Rad8 17. a3 h5 18. f4 h4 19. Nxe4 fxe4 20. Bf1 Bxf1 21. Rxf1 hxg3 22. hxg3 exf4 23. gxf4 Qf5 24. c4 Be7 25. Rf2 Qh3 26. Qe2 Bf6 27. Rh2 Qf5 28. Rg2 Bxb2 29. Qxb2 Rf6 30. Rg5 Rg6 31. Qg2 Rxg5 32. fxg5 d4 33. exd4 e3 34. d5 Qe5 35. g6 Rd6 36. c5 e2 37. Re1 Qe3+ 38. Kh2 Rxd5 39. Qxe2 Rd2 0-1